Research paradigms, television, and social behavior /

Bibliographic Details
Corporate Author: Sage Publications
Other Authors: Asamen, Joy Keiko, 1953-, Berry, Gordon L.
Format: eBook
Language:English
Published: Thousand Oaks : SAGE, c1998.
Subjects:
Online Access:Connect to the full text of this electronic book

MARC

Tag First Indicator Second Indicator Subfields
LEADER 00000nam a2200000 a 4500
001 in00004754321
006 m|||||o||d||||||||
007 cr |||||||||||
008 130912s1998 caua fo| 001|0|eng d
005 20231120173527.2
020 |a 9781483328201 (ebook) :  |c No price 
035 |a (OCoLC)1007859075 
035 |a (StDuBDS)EDZ0000159997 
040 |a StDuBDS  |b eng  |c StDuBDS  |e pn 
050 0 |a PN1992.6  |b .R465 1998 
082 0 4 |a 302.2345  |2 23 
245 0 0 |a Research paradigms, television, and social behavior /  |c Joy Keiko Asamen, Gordon L. Berry, editors. 
260 |a Thousand Oaks :  |b SAGE,  |c c1998. 
300 |a 1 online resource (x, 430 pages) :  |b illustrations. 
336 |a text  |b txt  |2 rdacontent 
337 |a computer  |b c  |2 rdamedia 
338 |a online resource  |b cr  |2 rdacarrier 
504 |a Includes bibliographical references and index. 
521 |a Specialized. 
588 |a Description based on print version record. 
650 0 |a Television broadcasting  |x Social aspects. 
650 0 |a Television  |x Psychological aspects. 
650 0 |a Television and families  |x Research. 
650 0 |a Television and teenagers  |x Research. 
650 0 |a Television and children  |x Research. 
655 7 |a Electronic books.  |2 local 
700 1 |a Asamen, Joy Keiko,  |d 1953- 
700 1 |a Berry, Gordon L. 
710 2 |a Sage Publications. 
776 0 8 |i Print version :  |z 9780761906544 
856 4 0 |u http://proxy.library.tamu.edu/login?url=https://sk.sagepub.com/books/research-paradigms-television-and-social-behaviour  |z Connect to the full text of this electronic book  |t 0 
955 |a SAGE Knowledge 
999 f f |s bf5f3a37-b088-4720-8808-f7f0f95a107c  |i 6e833fc2-6faf-415a-b699-9ec11b32b332  |t 0 
952 f f |a Texas A&M University  |b College Station  |c Electronic Resources  |d Available Online  |t 0  |e PN1992.6 .R465 1998  |h Library of Congress classification 
998 f f |a PN1992.6 .R465 1998  |t 0  |l Available Online